LEADER 01400nam a2200301 u 4500 001 000000077494 003 CaOOAMICUS 005 20070226123327.0 008 040209s1968 wiu u000 u eng u 035 $a10983769 040 $aPUL(R)$bita 041 1 $aeng$hlat 245 04$aThe apple or Aristoteles death = :$b(De pomo sive De morte Aristotilis) /$ctranslated from the Latin with an introduction by Mary F. Rousseau .. 246 3 $aAristotele's death 246 3 $aDe pomo sive de morte Aristotilis 260 $aMilwaukee :$bMarquette University Press,$c1968. 300 $a81 p. ;$c23 cm 490 1 $aMediaeval philosophical texts in translation ;$v18 504 $aBibliorafia: p. 77-80. 700 1 $aRousseau , Mary F.$0(OLS)http://pul/name/51527 830 0$aMediaeval philosophical texts in translation ;$v18.$0(OLS)http://pul/title/101536 850 $aPUL 852 $aPUL$W1$xSL Filosofia 1$y2$m82 O 18$j99530$nBK-PRI$b $qStampati$B99530$CPULBib$Z2$F99530 $HPUL93552 $81 941 1 $a8 996 $6245$aThe apple or Aristoteles death = :$b(De pomo sive De morte Aristotilis)$9(OLS)http://pul/title/101620 996 $6246$aAristotele's death$9(OLS)http://pul/title/101621 996 $6246$aDe pomo sive de morte Aristotilis$9(OLS)http://pul/title/101622 996 $6260$aMilwaukee :$bMarquette University Press$9(OLS)http://pul/publisher/49546 LEADER 01793namaa2200373 i 4500 001 000000177760 003 CaOOAMICUS 005 20250516105658.0 007 tu 008 250516s2024 it m 000 u fre r 020 $a978-88-514-2980-5* 040 $aPUL$bita$erda 100 1 $aTowada, Pierre Michel,$d1975-,$eautore dissertazione.$0(OLS)http://pul/name/114379 245 12$aL'existential surnaturel de K. Rahner en théologie des religions et sa réception par J. Dupuis et R. Panikkar /$cPierre Michel Towada. 264 4$c©2024. 264 1$aMilano :$bÀncora,$c[2024] 300 $a289 pagine ;$c24 cm 336 $atesto$btxt$2rdacontent 337 $asenza mediazione$bn$2rdamedia 338 $avolume$bnc$2rdacarrier 502 $aDissertazione Dottorale inTeologia n.117 nella Facoltà Teologica dell'Italia Settentrionale. 504 $aBibliografia: pagine 265-280. 600 14$aRahner, Karl,$cS.I.,$d1904-1984$xTeologia.$0(OLS)http://pul/subject/26416 600 14$aDupuis, Jacques, $cS.I. ,$d1923-2004.$0(OLS)http://pul/subject/44781 600 14$aPanikkar, Raimundo,$cS.I.,$d1918-2010.$0(OLS)http://pul/subject/21769 710 2 $aFacoltà teologica dell'Italia settentrionale.$kTesi.$0(OLS)http://pul/name/85655 850 $aPUL 852 $aPUL$W1$xDP1 Tesi Fac It.Settentrionale$y34$m2024 B 5$j200877$qTesi$B206731$CPULBib$Z2$F206731 $82 941 1 $a16 996 $6020$a978-88-514-2980-5*$9(OLS)http://pul/number/170354 996 $6245$aL'existential surnaturel de K. Rahner en théologie des religions et sa réception par J. Dupuis et R. Panikkar$9(OLS)http://pul/title/219298 996 $6264$aMilano :$bÀncora$9(OLS)http://pul/publisher/53070 996 $6264$a[S.l.] :$b[s.n.]$9(OLS)http://pul/publisher/0